000 00419nam a22001577a 4500
005 20251108165901.0
008 250721s9999 xx 000 0 ara d
082 1 4 _aط/790.19/تسل
245 1 0 _aالتسليه بالكلمات /
264 1 _aبيروت :
_bمكتبة لبنان،
_c[19-].
300 _a64ص؛مص
490 0 _aأنا أعمل
650 1 7 _aالترفيه
942 _2ddc
_cBK
999 _c33848
_d33848